Normal view
MARC view
- Islam-Philosophy
Entry Topical Term
001 - CONTROL NUMBER
- control field: 90790
003 - CONTROL NUMBER IDENTIFIER
- control field: NUST
005 - DATE AND TIME OF LATEST TRANSACTION
- control field: 20220401102720.0
008 - FIXED-LENGTH DATA ELEMENTS
- fixed length control field: 220401|| aca||aabn | a|a d
040 ## - CATALOGING SOURCE
- Original cataloging agency: NUST
- Transcribing agency: NUST
150 ## - HEADING--TOPICAL TERM
- Topical term or geographic name entry element: Islam-Philosophy
670 ## - SOURCE DATA FOUND
- Source citation: Work cat.: (NUST)587681: Umar Zaman 88589, Ikisvien Sadi Aur Islam, 2007.
